[Event "Saarland-ch MB"]
[Site "Schiffweiler"]
[Date "2009.04.11"]
[Round "9"]
[White "Trumm, Achim"]
[Black "Radtke, Eduard"]
[Result "1-0"]
[WhiteElo "1823"]
[BlackElo "1993"]
[PlyCount "55"]
[EventDate "2009.04.03"]
[EventType "swiss"]
[EventRounds "9"]
[EventCountry "GER"]
[SourceTitle "EXT 2012"]
[Source "ChessBase"]
[SourceDate "2011.11.24"]
[SourceVersion "1"]
[SourceVersionDate "2011.11.24"]
[SourceQuality "1"]

1. d4 d5 2. c4 dxc4 3. e4 e5 4. d5 Bd6 5. Bxc4 Nf6 6. Nc3 0-0 7. Nge2 a6 8. 0-0 b5 9. Bd3 Re8 10. Bg5 h6 11. Bh4 g5 12. Bg3 Nh5 13. Rc1 Nd7 14. Qd2 Ndf6 15. Nd1 Nf4 16. Ne3 Bd7 17. f3 Qe7 18. Bf2 Rac8 19. Ng3 Nxd3 20. Qxd3 Nh5 21. Nxh5 f6 22. Ng3 Qh7 23. Nef5 h5 24. Nxd6 cxd6 25. Nf5 Qg6 26. Nxd6 Rxc1 27. Rxc1 Re7 28. Nf5 1-0

[Event "Saarland-ch MB"]
[Site "Schiffweiler"]
[Date "2009.04.08"]
[Round "6"]
[White "Radtke, Eduard"]
[Black "Sonnhalter, Walter"]
[Result "0-1"]
[WhiteElo "1993"]
[BlackElo "1906"]
[PlyCount "140"]
[EventDate "2009.04.03"]
[EventType "swiss"]
[EventRounds "9"]
[EventCountry "GER"]
[SourceTitle "EXT 2012"]
[Source "ChessBase"]
[SourceDate "2011.11.24"]
[SourceVersion "1"]
[SourceVersionDate "2011.11.24"]
[SourceQuality "1"]

1. d4 g6 2. e4 Bg7 3. Nc3 d6 4. Be3 Nd7 5. f4 e6 6. Be2 Ne7 7. Bf3 a6 8. Nge2 b5 9. 0-0 Bb7 10. Qe1 Nb6 11. Rd1 d5 12. e5 h5 13. g3 b4 14. Nb1 a5 15. b3 Nf5 16. Bf2 Qe7 17. c4 bxc3 18. Qxc3 a4 19. Rc1 axb3 20. axb3 c6 21. Rc2 0-0 22. Rfc1 Rfb8 23. Nd2 Bf8 24. Nf1 Ra3 25. Ra1 Na4 26. Qe1 Rxb3 27. Bg2 Nb2 28. Nc1 Rb6 29. Rb1 Ba6 30. Ra1 Qb7 31. Qc3 Nc4 32. Rca2 Bb4 33. Qc2 Bb5 34. Ra7 Qc8 35. Nd3 Bf8 36. h3 Ra6 37. R7xa6 Bxa6 38. g4 hxg4 39. hxg4 Nh6 40. Bf3 Na3 41. Qc3 Nb1 42. Qc2 Qb7 43. Be2 Na3 44. Qc3 Qb3 45. Rc1 Nb1 46. Qxb3 Rxb3 47. Nc5 Bxc5 48. Bxa6 Ba3 49. Rxc6 Nxg4 50. Bh4 Bb2 51. Rc8+ Kg7 52. Be2 Bxd4+ 53. Kg2 Rb2 54. Kg3 Nxe5 55. fxe5 g5 56. Bxg5 Rxe2 57. Bf6+ Kg6 58. Kg4 Re4+ 59. Kf3 Bxe5 60. Be7 Rf4+ 61. Ke2 Nc3+ 62. Ke1 Ne4 63. Ne3 Bd6 64. Ng2 Rf2 65. Nh4+ Kh5 66. Rh8+ Kg4 67. Bxd6 Rb2 68. Be7 d4 69. Rh7 d3 70. Rg7+ Kh3 0-1

[Event "Saarland-ch MB"]
[Site "Schiffweiler"]
[Date "2009.04.07"]
[Round "5"]
[White "Braun, Burkhard"]
[Black "Radtke, Eduard"]
[Result "1-0"]
[WhiteElo "1857"]
[BlackElo "1993"]
[PlyCount "133"]
[EventDate "2009.04.03"]
[EventType "swiss"]
[EventRounds "9"]
[EventCountry "GER"]
[SourceTitle "EXT 2012"]
[Source "ChessBase"]
[SourceDate "2011.11.24"]
[SourceVersion "1"]
[SourceVersionDate "2011.11.24"]
[SourceQuality "1"]

1. c4 Nf6 2. Nc3 e6 3. e4 d5 4. cxd5 exd5 5. e5 d4 6. exf6 dxc3 7. bxc3 Qxf6 8. Nf3 Bd6 9. Qa4+ Bd7 10. Bb5 Nc6 11. 0-0 0-0 12. Ba3 a6 13. Be2 b5 14. Qb3 Be6 15. Qb2 b4 16. cxb4 Ne5 17. Qc3 Rfb8 18. Bb2 Rxb4 19. Nxe5 Rxb2 20. f4 Rb6 21. a4 Rab8 22. Bc4 Bb4 23. Qc2 Bc5+ 24. Kh1 Bd4 25. Rae1 Rd6 26. Bxe6 Qxe6 27. Qxc7 Rc8 28. Qb7 Rdd8 29. Rb1 h6 30. Qf3 Rc7 31. Rbe1 Qd5 32. Qg3 Re7 33. Ng4 Rxe1 34. Qxe1 Kf8 35. f5 h5 36. Ne3 Qe4 37. Qe2 Bxe3 38. dxe3 Qd3 39. Qf2 Rd6 40. h3 Kg8 41. Qf3 h4 42. Rc1 Rd8 43. Qf4 Re8 44. Rc6 Qd1+ 45. Kh2 Qe1 46. Rc4 Rxe3 47. Qxh4 Qxh4 48. Rxh4 Re5 49. Rf4 Kf8 50. f6 Ra5 51. fxg7+ Kxg7 52. g4 Rc5 53. Kg3 Rc3+ 54. Kh4 Ra3 55. g5 a5 56. Kg4 Rb3 57. h4 Rc3 58. h5 Rc6 59. Re4 Rc5 60. Re8 Rc1 61. h6+ Kh7 62. Ra8 Rc5 63. Rf8 Rc4+ 64. Kf5 Rc7 65. Kf6 Rc6+ 66. Kxf7 Rxh6 67. gxh6 1-0

[Event "Saarland-ch MB"]
[Site "Eppelborn"]
[Date "2008.03.18"]
[Round "5"]
[White "Radtke, Eduard"]
[Black "Schuetz, Thomas"]
[Result "1-0"]
[WhiteElo "1993"]
[BlackElo "2295"]
[PlyCount "59"]
[EventDate "2008.03.14"]
[EventType "swiss"]
[EventRounds "9"]
[EventCountry "GER"]
[SourceTitle "EXT 2010"]
[Source "ChessBase"]
[SourceDate "2010.11.25"]
[SourceVersion "1"]
[SourceVersionDate "2010.11.25"]
[SourceQuality "1"]

1. e4 Nc6 2. Nf3 d5 3. exd5 Qxd5 4. Nc3 Qh5 5. Be2 Bg4 6. 0-0 Nf6 7. h3 e6 8. Re1 Bxh3 9. gxh3 Qxh3 10. Bf1 Qg4+ 11. Bg2 h5 12. Ne5 Nxe5 13. Rxe5 Qg6 14. d4 0-0-0 15. Rg5 Qh7 16. Rb5 c6 17. Qf3 Rd7 18. Rxb7 Rxb7 19. Qxc6+ Rc7 20. Qa8+ Kd7 21. Nb5 Bd6 22. Qf3 Rxc2 23. Qb7+ Bc7 24. Nxc7 Rxc7 25. Bc6+ Kd8 26. Qb8+ Ke7 27. Qxc7+ Nd7 28. Qxd7+ Kf6 29. Bf4 Qf5 30. Be5+ 1-0

[Event "Saarland-ch MB"]
[Site "Eppelborn"]
[Date "2008.03.15"]
[Round "2"]
[White "Radtke, Eduard"]
[Black "Dorozala, Jean Pierre"]
[Result "0-1"]
[WhiteElo "1993"]
[BlackElo "2034"]
[PlyCount "124"]
[EventDate "2008.03.14"]
[EventType "swiss"]
[EventRounds "9"]
[EventCountry "GER"]
[SourceTitle "EXT 2010"]
[Source "ChessBase"]
[SourceDate "2010.11.25"]
[SourceVersion "1"]
[SourceVersionDate "2010.11.25"]
[SourceQuality "1"]

1. d4 d5 2. Nc3 Nf6 3. Bg5 e6 4. e4 Be7 5. e5 Nfd7 6. Bxe7 Qxe7 7. Nf3 c5 8. Nb5 Na6 9. Nd6+ Kf8 10. c3 c4 11. b3 Nb6 12. Be2 g6 13. Qd2 h6 14. 0-0 Kg7 15. Qe3 Rb8 16. Nd2 Bd7 17. bxc4 dxc4 18. N2xc4 Nd5 19. Qd2 Nac7 20. Ne3 f5 21. Nxd5 Nxd5 22. c4 Nc7 23. Qa5 Ne8 24. Qa3 Nxd6 25. exd6 Qf6 26. Qe3 Rhd8 27. f4 Bc6 28. Qe5 Qxe5 29. dxe5 g5 30. g4 gxf4 31. Rxf4 Be4 32. gxf5 exf5 33. Kf2 Re8 34. Rg1+ Kh7 35. Ke3 Rxe5 36. Kd4 Re6 37. c5 b6 38. Bc4 bxc5+ 39. Kxc5 Rc8+ 40. Kd4 Rxd6+ 41. Ke5 Rb6 42. Bb3 Re8+ 43. Kd4 Rd6+ 44. Kc5 Rd7 45. Rg3 Rc8+ 46. Kb4 Rd4+ 47. Ka3 Rd6 48. Rf1 Rd3 49. Rxd3 Bxd3 50. Rd1 Be4 51. Rd7+ Kg6 52. Rxa7 f4 53. Re7 Bf5 54. Re2 f3 55. Rf2 Be4 56. Be6 Rc6 57. Bg4 Kg5 58. Bd7 Rc7 59. Bb5 Kf4 60. Rb2 Ke3 61. Kb4 f2 62. a4 Rb7 0-1

[Event "Oberliga Sued W 0506"]
[Site "Germany"]
[Date "2006.04.02"]
[Round "9.4"]
[White "Radtke, Eduard"]
[Black "Kessler, Andreas"]
[Result "0-1"]
[WhiteElo "2013"]
[BlackElo "2045"]
[PlyCount "150"]
[EventDate "2005.10.23"]
[EventType "team-tourn"]
[EventRounds "9"]
[EventCountry "GER"]
[SourceTitle "EXT 2007"]
[Source "ChessBase"]
[SourceDate "2006.11.23"]
[SourceVersion "1"]
[SourceVersionDate "2006.11.23"]
[SourceQuality "1"]
[WhiteTeam "Saarbruecken II"]
[BlackTeam "Kaiserslautern Mehlingen"]
[WhiteTeamCountry "GER"]
[BlackTeamCountry "GER"]

1. e4 e6 2. d4 d5 3. e5 c5 4. c3 Bd7 5. Nf3 Qb6 6. Bd3 Nc6 7. dxc5 Bxc5 8. 0-0 a5 9. b3 Nge7 10. Bf4 Ng6 11. Bg3 Nce7 12. Nbd2 Qa7 13. a3 0-0 14. Qe2 Bb6 15. h4 Rfc8 16. h5 Nf8 17. Rac1 h6 18. Bf4 Bd8 19. g4 Kh8 20. Rfd1 Ng8 21. Be3 Qb8 22. Nf1 Be7 23. a4 Rc7 24. Bd2 Qa7 25. N1h2 Rac8 26. Nd4 Bc5 27. Nhf3 Be8 28. Nb5 Bxb5 29. Bxb5 Ba3 30. Rb1 Bc5 31. g5 hxg5 32. Nxg5 Nh6 33. Nh3 Nf5 34. Kh2 Be7 35. Rg1 f6 36. f4 Nh6 37. Bd3 f5 38. Rg2 Nh7 39. Rbg1 Bf8 40. Rg6 Qb6 41. Qg2 Ng4+ 42. Rxg4 fxg4 43. Qxg4 Rxc3 44. Qg6 Rxd3 45. Qxd3 Bc5 46. Rg2 Nf8 47. Qg3 Rc7 48. Ng5 Rd7 49. Qd3 Bb4 50. Be3 d4 51. Bd2 Bc5 52. Bc1 Qc6 53. Rc2 Qd5 54. Ne4 Bb4 55. Rc8 Rd8 56. Rxd8 Qxd8 57. Ng5 Qd5 58. Bb2 Bc3 59. Bxc3 dxc3 60. Qxc3 Kg8 61. Qe3 Qd1 62. Qf3 Qd2+ 63. Kg3 Qe1+ 64. Kh3 Qb4 65. Ne4 Qe7 66. Nd6 g6 67. Qxb7 Nd7 68. Qc8+ Kh7 69. Qc2 Nf8 70. Qe4 Kh6 71. Qb7 Nd7 72. Ne4 Qg7 73. Nf6 Nxf6 74. Qxg7+ Kxg7 75. exf6+ Kxf6 0-1

[Event "Oberliga Sued W 0405"]
[Site "Germany"]
[Date "2005.04.10"]
[Round "9.6"]
[White "Otterstaetter, Stefan"]
[Black "Radtke, Eduard"]
[Result "1-0"]
[WhiteElo "2170"]
[BlackElo "1875"]
[PlyCount "80"]
[EventDate "2004.10.03"]
[EventType "team-tourn"]
[EventRounds "9"]
[EventCountry "GER"]
[SourceTitle "EXT 2009"]
[Source "ChessBase"]
[SourceDate "2008.11.26"]
[SourceVersion "1"]
[SourceVersionDate "2008.11.26"]
[SourceQuality "1"]
[WhiteTeam "Ludwigshafen"]
[BlackTeam "Saarbruecken"]
[WhiteTeamCountry "GER"]
[BlackTeamCountry "GER"]

1. d4 d5 2. c4 dxc4 3. Nf3 Nf6 4. e3 Bg4 5. Bxc4 e6 6. Qb3 Bxf3 7. gxf3 Nbd7 8. Qxb7 c5 9. Nc3 cxd4 10. exd4 Be7 11. Rg1 g6 12. Bh6 Bf8 13. Bf4 Rc8 14. Ba6 Nb6 15. Qxa7 Ra8 16. Bb5+ Nfd7 17. Qc7 Bg7 18. Qxd8+ Kxd8 19. 0-0-0 Ke7 20. Bg5+ f6 21. Be3 Rhc8 22. Kb1 Ra5 23. Bxd7 Kxd7 24. Ne4 Rca8 25. Nc5+ Ke7 26. a3 Kf7 27. Rd3 Bf8 28. Rb3 Nd5 29. Rb7+ Be7 30. Bd2 R5a7 31. Rxa7 Rxa7 32. Nd3 Bd6 33. h3 Rb7 34. Rc1 g5 35. Rc6 Ke7 36. Rc8 Rc7 37. Rxc7+ Bxc7 38. b4 h6 39. Kb2 Kd6 40. a4 Bd8 1-0

[Event "Saarland-ch Seniors 23rd"]
[Site "Saarlouis"]
[Date "2004.04.09"]
[Round "8"]
[White "Lang, Hermann"]
[Black "Radtke, Eduard"]
[Result "0-1"]
[WhiteElo "1729"]
[BlackElo "2050"]
[PlyCount "96"]
[EventDate "2004.04.02"]
[EventType "swiss"]
[EventRounds "9"]
[EventCountry "GER"]
[SourceTitle "CBM 099 Extra"]
[Source "ChessBase"]
[SourceDate "2004.05.04"]
[SourceVersion "1"]
[SourceVersionDate "2004.05.04"]
[SourceQuality "1"]

1. d4 Nf6 2. c4 e6 3. Nc3 c5 4. Nf3 cxd4 5. Nxd4 d6 6. e4 e5 7. Nf3 Nc6 8. h3 Be7 9. Be3 Bd7 10. Be2 0-0 11. g4 Kh8 12. Qd2 h6 13. a4 Rc8 14. a5 Nxa5 15. g5 Ng8 16. Nd5 Nb3 17. Qd1 Nc5 18. Nd2 f5 19. Bxc5 dxc5 20. h4 Be6 21. Bd3 Bd6 22. Nc3 Ne7 23. Qe2 Ng6 24. Bc2 Nf4 25. Qf1 Bc7 26. 0-0-0 Qe8 27. Nb3 Qe7 28. Nd5 Nxd5 29. exd5 Bd7 30. d6 Bxd6 31. Qd3 Rc6 32. Na5 e4 33. Nxc6 Bf4+ 34. Kb1 Bxc6 35. Qe2 Be5 36. Rhe1 Bd4 37. f3 e3 38. Bd3 Qc7 39. Qg2 b5 40. Rc1 bxc4 41. Bxc4 Rb8 42. Rc2 Qf4 43. Be2 Ba4 44. Rec1 Bxc2+ 45. Rxc2 Qxh4 46. g6 Qe1+ 47. Ka2 Rb4 48. f4 Ra4+ 0-1

[Event "Staufer op 15th"]
[Site "Schwaebisch Gmuend"]
[Date "2003.01.03"]
[Round "4"]
[White "Radtke, Eduard"]
[Black "Ksieski, Zbigniew"]
[Result "0-1"]
[WhiteElo "2081"]
[BlackElo "2385"]
[PlyCount "80"]
[EventDate "2003.01.02"]
[EventType "swiss"]
[EventRounds "9"]
[EventCountry "GER"]
[SourceTitle "EXT 2004"]
[Source "ChessBase"]
[SourceDate "2003.11.25"]
[SourceVersion "1"]
[SourceVersionDate "2003.11.25"]
[SourceQuality "1"]

1. e4 c5 2. Nf3 e6 3. Nc3 a6 4. d4 cxd4 5. Nxd4 b5 6. Bd3 Qb6 7. Nb3 Qc7 8. 0-0 Nf6 9. Bg5 Be7 10. Qd2 d6 11. Rae1 0-0 12. Qe2 Bb7 13. Bc1 b4 14. Nd1 Nbd7 15. f3 Ne5 16. Nf2 d5 17. Be3 Bd6 18. Rc1 Nc4 19. g3 Nxb2 20. Bd4 dxe4 21. Bxb2 exd3 22. cxd3 Qd8 23. Ne4 Be7 24. f4 Re8 25. Rfd1 a5 26. Be5 Qd5 27. Rc7 Nxe4 28. dxe4 Qxe4 29. Qxe4 Bxe4 30. Rdd7 Bd8 31. Rxf7 Bxc7 32. Rxg7+ Kf8 33. Rxc7 Rec8 34. Bd6+ Kg8 35. Re7 Bd5 36. Be5 Bxb3 37. Rg7+ Kf8 38. axb3 a4 39. Rxh7 axb3 40. Rb7 Ra2 0-1

[Event "Staufer op 15th"]
[Site "Schwaebisch Gmuend"]
[Date "2003.01.02"]
[Round "2"]
[White "Radtke, Eduard"]
[Black "Kabisch, Thilo"]
[Result "0-1"]
[WhiteElo "2081"]
[BlackElo "2310"]
[PlyCount "96"]
[EventDate "2003.01.02"]
[EventType "swiss"]
[EventRounds "9"]
[EventCountry "GER"]
[SourceTitle "EXT 2004"]
[Source "ChessBase"]
[SourceDate "2003.11.25"]
[SourceVersion "1"]
[SourceVersionDate "2003.11.25"]
[SourceQuality "1"]

1. e4 e5 2. Nf3 Nc6 3. Bc4 Nf6 4. d3 Bc5 5. 0-0 d6 6. h3 h6 7. Re1 g5 8. Nh2 Rg8 9. Be3 h5 10. Nf1 h4 11. f3 Nh5 12. Nc3 Nf4 13. Nd5 Nxd5 14. Bxd5 Bb6 15. c3 Ne7 16. Bb3 Ng6 17. d4 Qe7 18. dxe5 Nxe5 19. Bxb6 axb6 20. Ne3 Be6 21. Qe2 c6 22. Rad1 b5 23. Kh1 Rg6 24. c4 bxc4 25. Bxc4 b5 26. Bb3 Rf6 27. Rf1 Bd7 28. a3 Ng6 29. Qd2 Kf8 30. Nf5 Bxf5 31. exf5 Nf4 32. Rfe1 Qd7 33. Bc2 d5 34. Re5 Qd6 35. Rde1 c5 36. Qe3 Kg7 37. Re7 d4 38. Qe5 d3 39. Bd1 Rd8 40. Rb7 d2 41. Re3 Qxe5 42. Rxe5 Nd3 43. Re2 Nxb2 44. Bc2 Nc4 45. Bd1 Nxa3 46. Ree7 c4 47. Rbd7 Rxd7 48. Rxd7 c3 0-1

[Event "GER Cup Amateur Seniors 2nd"]
[Site "Voelklingen"]
[Date "2001.??.??"]
[Round "4"]
[White "Yazdkhasti, Parvis"]
[Black "Radtke, Eduard"]
[Result "0-1"]
[WhiteElo "1720"]
[BlackElo "1980"]
[PlyCount "141"]
[EventDate "2001.??.??"]
[EventType "tourn"]
[EventRounds "9"]
[EventCountry "GER"]
[SourceTitle "EXT 2003"]
[Source "ChessBase"]
[SourceDate "2002.11.25"]
[SourceVersion "1"]
[SourceVersionDate "2002.11.25"]
[SourceQuality "1"]

1. e4 e5 2. Nf3 Nc6 3. Bc4 Bc5 4. c3 Qe7 5. 0-0 Nf6 6. d3 h6 7. Re1 0-0 8. b4 Bb6 9. Ba3 d6 10. h3 Nh5 11. d4 Re8 12. b5 Na5 13. Nxe5 Nxc4 14. Nxc4 Qg5 15. Bc1 Qg6 16. Qf3 Nf6 17. e5 Bf5 18. Nbd2 d5 19. Nxb6 axb6 20. Kf1 Bd3+ 21. Kg1 Bxb5 22. Bb2 Nd7 23. Qd1 Nf8 24. Re3 Bd7 25. Rg3 Qf5 26. Nf3 Ng6 27. Qd2 Kh7 28. Bc1 Qh5 29. a3 Kh8 30. Bb2 Be6 31. Re1 Ne7 32. Bc1 Rg8 33. Qf4 Nf5 34. Rg4 g5 35. Nxg5 Rxg5 36. Rxg5 Qxg5 37. Qxg5 hxg5 38. Bxg5 Rxa3 39. Bd2 Ra8 40. g4 Rg8 41. Kh2 Ng7 42. f4 Ra8 43. f5 Ra2 44. Re2 Bd7 45. Kg3 Bb5 46. Rf2 Bd3 47. Kf4 Kg8 48. h4 Ra1 49. Ke3 Rf1 50. Rxf1 Bxf1 51. h5 Bg2 52. h6 Ne8 53. Kf2 Be4 54. Ke3 Kh7 55. Kf2 b5 56. Kg3 Bc2 57. Kh4 b6 58. Kg5 c6 59. Be3 Bd1 60. f6 Nc7 61. Kh5 Ne6 62. Kh4 c5 63. dxc5 bxc5 64. g5 b4 65. cxb4 d4 66. Bd2 c4 67. b5 Bf3 68. Bc1 c3 69. g6+ Kxg6 70. h7 Kxh7 71. Kg3 0-1

[Event "Oberstdorf Tiefenbach op"]
[Site "Oberstdorf"]
[Date "1999.??.??"]
[Round "?"]
[White "Radtke, Eduard"]
[Black "Klempt, Guenter"]
[Result "1/2-1/2"]
[WhiteElo "1990"]
[BlackElo "2050"]
[PlyCount "94"]
[EventDate "1999.??.??"]
[EventType "swiss"]
[EventRounds "9"]
[EventCountry "GER"]
[SourceTitle "EXT 2001"]
[Source "ChessBase"]
[SourceDate "2000.11.22"]
[SourceVersion "1"]
[SourceVersionDate "2000.11.22"]
[SourceQuality "1"]

1. e4 c5 2. Nf3 Nc6 3. d4 cxd4 4. Nxd4 g6 5. Nc3 Bg7 6. Be3 Nf6 7. Be2 0-0 8. Nb3 a6 9. f4 d6 10. Bf3 Na5 11. Nxa5 Qxa5 12. 0-0 Bd7 13. Qd2 Rfe8 14. h3 Rad8 15. a3 Qc7 16. Qf2 Rc8 17. Rad1 Bc6 18. Bb6 Qb8 19. Qg3 Nd7 20. Be3 b5 21. Bd4 e5 22. Be3 exf4 23. Bxf4 Ne5 24. Kh1 b4 25. axb4 Qxb4 26. Bc1 Nc4 27. Nd5 Bxd5 28. Rxd5 Be5 29. Qf2 Rc7 30. c3 Qb3 31. Be2 Bg7 32. Bxc4 Qxc4 33. Rxd6 a5 34. Be3 a4 35. Bd4 Bxd4 36. Rxd4 Qc6 37. Qf4 a3 38. bxa3 Qxc3 39. e5 Qxa3 40. e6 Qe7 41. Rd6 fxe6 42. Rxe6 Qxe6 43. Qxc7 Qe7 44. Qc4+ Kg7 45. Ra1 Qe5 46. Rf1 Qe4 47. Qc7+ Qe7 1/2-1/2